[Event "Dortmund 44th"]
[Site "Dortmund"]
[Date "2016.07.10"]
[Round "2"]
[White "Ponomariov, Ruslan"]
[Black "Najer, Evgeniy"]
[Result "1-0"]
[WhiteElo "2706"]
[BlackElo "2687"]
[Annotator "Postny,E"]
[PlyCount "89"]
[EventDate "2016.07.09"]
[EventType "tourn"]
[EventRounds "7"]
[EventCountry "GER"]
[EventCategory "20"]
[SourceTitle "CBM 174"]
[Source "ChessBase"]
[SourceDate "2016.09.13"]
[SourceVersion "1"]
[SourceVersionDate "2016.09.13"]
[SourceQuality "1"]

1. Nf3 d5 2. d4 Nf6 3. c4 c6 4. Nc3 dxc4 5. a4 Bf5 6. e3 {This is a more
positional approach. 6.Ne5 often leads to sharp battles.} e6 7. Bxc4 Bb4 8. O-O
O-O 9. Nh4 {Hunting the bishop. The main line is 9.Qe2.} Nbd7 (9... Bg4 {
used to be the main continuation, trying to provoke some pawn advances which
might weaken the white king. On the other hand it's not clear if it will
really weaken the kingside position or squeeze Black on that side of the board.
After} 10. f3 Bh5 11. g4 {Black should choose between 11...Bg6 or 11...Nd5.})
10. h3 ({In case of} 10. Nxf5 exf5 {we reach the position which can arise also
in the line 6.Nh4 (instead of 6.e3).}) (10. f3 Bg6 11. Nxg6 hxg6 12. Qc2 Qa5
13. Rd1 Rac8 14. e4 c5 15. d5 Bxc3 16. bxc3 exd5 17. Bxd5 Nxd5 18. exd5 c4 19.
Ba3 Rfe8 $11 {1/2-1/2 (55) Korobov,A (2674)-Prohaszka,P (2593) Gjakova 2016})
10... Bg6 11. Nxg6 hxg6 12. Qb3 Qb6 13. Rd1 Rad8 14. Bd2 {14.Na2 is another
logical option - I tried it myself:} (14. Na2 Be7 15. Bd2 Qxb3 16. Bxb3 c5 17.
Rac1 Rc8 18. a5 cxd4 19. exd4 Nb8 20. Bb4 Bxb4 21. Nxb4 Rfd8 22. d5 exd5 23.
Rxc8 Rxc8 24. Nxd5 $14 {1-0 (43) Postny,E (2627)-Milov,L (2482) Neustadt an
der Weinstrasse 2008}) 14... Ba5 $146 {Najer is eager to swap queens, but 14...
a5 looks more natural.} (14... a5 15. Be1 Qc7 16. Qc2 Nb6 17. Bb3 Qe7 18. Rac1
Rd7 19. Qe2 Ra8 20. g4 Nbd5 21. f4 Qd8 22. Bf2 $14 {1-0 (42) Van Wely,L (2643)
-Kasimdzhanov,R (2690) Germany 2000}) 15. Rac1 ({White can count on a slight
edge after} 15. Qxb6 Nxb6 16. Be2) 15... c5 $6 {Najer had not an easy choice.
Black clearly should undermine White's center by c6-c5 or by e6-e5. He can do
it before or after the exchange of queens.} (15... e5 {was, probably, the
safest.} 16. d5 Qxb3 17. Bxb3 Nc5 18. Bc4 Bxc3 19. Bxc3 Nxd5 20. Bxe5 (20. Bxd5
$2 Rxd5 21. Rxd5 cxd5 {and White can't take on e5 in view of the fork on d3})
20... Nb6 21. Bd6 Nxc4 22. Rxc4 Ne6 {and Black should equalize without many
difficulties.}) (15... Qxb3 16. Bxb3 c5 (16... e5 17. Ne2 (17. d5 {- see 15...
e5.}) 17... Bxd2 18. Rxd2 exd4 19. Rxd4 Ne5 $14) 17. d5 Bxc3 18. Bxc3 {would
transpose to our game via a different move order.}) 16. d5 Bxc3 17. Bxc3 Qxb3 {
Najer decided to simplify the position as much, as possible, but it will be a
game for two results only, either White wins or Black holds.} (17... exd5 18.
Bxd5 Nxd5 19. Qxd5 Nf6 20. Qc4 Qc6 $14) 18. Bxb3 Nxd5 19. Bxd5 exd5 20. Rxd5
Nb6 21. Rxc5 Nxa4 22. Rc7 Nxc3 23. R1xc3 (23. bxc3 a5 24. Rxb7 Rb8 {Eventually
this will lead to a rook endgame with four pawns against three on the kingside,
which Black should hold with careful defense.}) 23... Rd1+ 24. Kh2 Rd2 25. Rxb7
Rxf2 {Of course, this position looks rather drawish, but Black still needs to
be accurate, as one of his rooks is passive.} 26. Kg3 Rf6 (26... Rd2 27. b4 (
27. Rcc7 $6 a5 {improves Black's chances}) 27... a6 28. Rcc7 {Black is still
suffering here.}) 27. Rxa7 Rb8 {Black gave a pawn, but activated the other
rook.} 28. h4 Kh7 $6 (28... Rxb2 $4 29. Rc8+ Kh7 30. Raa8 g5 31. h5 {mating.})
(28... g5 $1 29. hxg5 Rf5 30. Kg4 Rbb5 {would be the most convincing way to
hold the draw.}) 29. Rcc7 Rxb2 30. Rxf7 Rxf7 31. Rxf7 g5 $1 {It's necessary to
get the king into play.} 32. hxg5 Rb5 33. e4 Kg6 34. Ra7 Rxg5+ 35. Kf3 Rb5 36.
Kf4 Rb6 37. Ra2 Kf6 $2 {This is the losing move, but it's not obvious at first
sight.} (37... Rf6+ 38. Ke5 Rf1 39. Kd6 Rb1 {was the right defensive idea.} 40.
e5 Rb6+ 41. Kc5 (41. Kd7 Rb7+ 42. Kc6 Rb1 {also holds.}) 41... Rb1 {White
can't push his passed pawn, as Black's king is nearby.} 42. g4 Kf7 43. Kd5 Rd1+
44. Ke4 Kg6 $1 {White can torture his opponent, but can't make real progress.})
38. e5+ $1 Ke6 (38... Kg6 39. Ra4 $1 {An important move.} Rb2 40. Ra6+ Kf7 41.
g4 Rf2+ 42. Kg5 Rf1 43. Ra7+ {and the king gets to g6.}) 39. Ra7 Rb4+ 40. Kg5
Rb5 (40... Kxe5 41. Rxg7 $18) 41. g4 Kxe5 42. Rxg7 {Black's king in the wrong
place, so it's lost.} Ke4+ 43. Kh6 Kf4 44. g5 Kg4 45. Ra7 {[%mdl 4096]} 1-0

[Event "Pfalz op 01st"]
[Site "Neustadt an der Weinstrasse"]
[Date "2008.02.19"]
[Round "5"]
[White "Postny, Evgeny"]
[Black "Milov, Leonid"]
[Result "1-0"]
[WhiteElo "2627"]
[BlackElo "2482"]
[Annotator "Postny,E"]
[PlyCount "85"]
[EventDate "2008.02.16"]
[EventType "swiss"]
[EventRounds "9"]
[EventCountry "GER"]
[SourceTitle "CBM 122 Extra"]
[Source "ChessBase"]
[SourceDate "2008.03.04"]
[SourceVersion "1"]
[SourceVersionDate "2008.03.04"]
[SourceQuality "1"]

1. d4 d5 2. c4 c6 3. Nf3 Nf6 4. Nc3 dxc4 5. a4 Bf5 6. Nh4 {This continuation
is out of fashion now.} ({The main line nowadays is} 6. Ne5) 6... Bg6 {A rare
retreat. Far more common is 6...e6, 6...Bc8 or even 6...Bd7!?} 7. Nxg6 {
There is no point in delaying this exchange. Otherwise, the bishop might run
away to h5.} hxg6 8. e3 (8. e4 {a more aggressive move, but it weakens the Pd4.
} e6 9. Bxc4 Bb4 10. Qb3 a5 11. O-O Qxd4 12. Bxe6 $1 O-O $1 (12... fxe6 $2 13.
Qxe6+ Kf8 (13... Be7 14. Rd1 Qb6 15. Nb5 $18) 14. Rd1 Qb6 15. Qc8+ Ne8 16. Rd3
$18 {[%cal Gd3f3]}) 13. Bc4 Nbd7 14. Be3 Qe5 15. f4 Qe7 16. e5 Ng4 17. Ne4 Nxe3
18. Qxe3 Bc5 19. Nxc5 Qxc5 20. Qxc5 Nxc5 21. f5 gxf5 22. Rxf5 Ne6 $11 {1/2-1/2
Khenkin,I (2570)-Hertneck,G (2555)/Tilburg 1993/CBM 039 (32)}) 8... e6 (8... e5
9. dxe5 Qxd1+ 10. Nxd1 Ng4 11. e6 Bb4+ 12. Bd2 Bxd2+ 13. Kxd2 fxe6 14. Bxc4 Ke7
15. Be2 Nf6 16. Nc3 Nbd7 17. Kc2 $14 {[%csl Ye6,Yg6,Yg7] 1-0 Postny,E (2486)
-Sandhoefner,F (2239)/Athens 2001/EXT 2002 (51)}) 9. Bxc4 Bb4 10. h3 Nbd7 11.
O-O O-O {This is a standard position of the Dutch variation in Slav. White
enjoys the bishop pair and usually tries to make progress in the centre and/or
the queenside. Black, on his part has no weaknesses in his position and will
try to undermine White's centre by means of c6-c5 or e6-e5.} 12. Qb3 ({Another
possible way of play is} 12. Qe2 {followed by e3-e4 at some point.}) 12... Qb6
13. Rd1 Rad8 {Untill now my opponent had played rather quickly. It was only
after the game that I found out that he had played this position already,
unsuccessfully though...} 14. Na2 {A typical idea of kicking away the black
bishop from b4. The knight on a2 will be misplaced only temporarily.} (14. Bd2
Qa5 15. Be1 Nb6 16. Be2 c5 $6 (16... Rfe8 {+/=/=}) 17. dxc5 Nbd7 $2 18. Rd4 $1
Bxc3 19. Bxc3 Nxc5 20. Bxa5 Nxb3 21. Rxd8 Rxd8 22. Bxd8 Nxa1 23. Bxf6 gxf6 24.
Bd1 $18 {[%csl Ra1] 1-0 Epishin,V (2658)-Milov,L (2452)/Bastia 2003/EXT 2004 
(31)}) 14... Be7 ({It seems that Black has no problems after} 14... Ba5 15. Qa3
{[%cal Gb2b4]} c5 {but, during the game it looks quite risky to put the bishop
on a5.}) 15. Bd2 Qxb3 16. Bxb3 c5 17. Rac1 {Capturing the Pc5 would lead to
great activity of Black's knights. Therefore, White's only chance to squeeze
some advantage is to restrict the opponents' knights.} Rc8 (17... cxd4 18. exd4
(18. Rc7 $2 Bd6 19. Rxb7 Nc5 $17) 18... Rc8 19. a5 {would transpose to the
game by different order of moves.}) 18. a5 {Robbing the black knight of access
to the b6-square.} cxd4 19. exd4 {Basically, an isolated pawn in the endgame
is a drawback but, here Black is not able to block it properly. White is going
to break through by d4-d5 in order to get more space for the bishops.} Nb8 $1 {
Correct manoeuvre.} (19... Nd5 $6 20. Bxd5 exd5 21. Bb4 Bxb4 22. Nxb4 Nf6 23.
Re1 {[%csl Ra7,Rb7,Rd5] White is seriously pressing in this endgame.}) 20. Bb4
({I also considered:} 20. Nb4 Rfd8 21. Rxc8 Rxc8 22. d5 Bxb4 23. Bxb4 exd5 24.
Bxd5 Nxd5 (24... Nc6 25. Bc3 Nxa5 26. Bxa5 Rc5 27. Bb3 Rxa5 28. Rd8+ Kh7 29.
Bxf7 $14) 25. Rxd5 Nc6 26. Bc3 Rc7 {Here White keeps on pressing as well.
During the game I wasn't sure which bishop I should keep on the board.}) 20...
Bxb4 21. Nxb4 Rfd8 22. d5 (22. Rxc8 $6 Rxc8 23. d5 e5 {and Black controls both
the d-pawn and the c-file.}) 22... exd5 (22... e5 23. f3 (23. d6 {[%cal Gc1c7]}
Rxc1 24. Rxc1 Ne4 25. Re1 Nxd6 26. Rxe5 Kf8 {+/=/=}) 23... Ne8 24. Rxc8 Rxc8
25. Nd3 Nd7 (25... Nd6 $6 26. Nxe5 Rc5 27. Nc4 $1 Nxc4 28. Rc1 $16) 26. Ba4
Nef6 27. Re1 $14) 23. Rxc8 Rxc8 24. Nxd5 Kf8 {I expected that my opponent
would exchange on d5 by himself not allowing the change of pawn structure that
now follows.} (24... Nxd5 25. Rxd5 Kf8 {White keeps some pressure, but Black
should hold with accurate defence.}) 25. Nxf6 gxf6 26. h4 $14 {White has
slightl but long lasting pressure in this endgame. The tandem rook + bishop is
more mobile than rook + knight. Still, in this concrete position Black has no
real weaknesses and covers all the possible squares for the white rooks to
penetrate. It is important to mention that after the change of pawn structure
White has a possibility to organize a passed pawn along the h-file. This can
become very apparent in the case of an exchange of rooks. It is well known
that a- or h-pawns are especially unpleasant for a knight.} Ke7 27. Re1+ Kf8
28. Rd1 Ke7 29. Rd5 Nd7 30. Rb5 {The rook has actually no business on b5.} ({
More to the point would have been} 30. g3 {followed by Kg2.}) 30... b6 {
Correct. It is recommended for the defensive side to reduce the number of
pawns.} 31. axb6 axb6 32. g3 Rc6 {Defending the Pb6 and preparing to lock
white's rook in by Nd7-c5.} 33. Rd5 {Admitting the inaccuracy made on move 30.}
Nc5 34. Bd1 Rd6 $6 {This is not a decisive mistake yet, but a prelude. My
opponent was short of time and naturally was looking for a simplification.
Basically, Black should try to avoid the exchange of rooks, since in the
endgame bishop vs knight Black might have problems dealing with the h-pawn.} (
34... f5 35. h5 $14) (34... Re6 {was the most natural move.} 35. Bf3 (35. g4
Re4 36. h5 Kf8 {[%cal Ge4b4]}) 35... Re1+ 36. Kg2 Rb1 {In both cases the
activity of Black's rook secures him sufficient counterplay.}) 35. Rxd6 Kxd6
36. g4 Ke5 37. h5 gxh5 38. gxh5 Kf5 $4 {A huge blunder. Black could still hold
relatively easily since there is very little material left.} (38... f5 39. Kg2
Kf6 40. Kf3 Kg5 41. Ke3 Ne6 42. Kd3 Nf4+ 43. Kc4 Nxh5 44. Kb5 (44. Bxh5 Kxh5
45. Kb5 Kg4 46. Kxb6 Kf3 $11) 44... Nf4 $11 {[%cal Gf4d3]}) {[%tqu "En","Find
the winning move for White.","","","f2f4","Suddenly, it is all over. Black's
king has been surrounded by many pawns and the h-pawn will cost Black a knight.
",5]} 39. f4 $1 {Suddenly, it is all over. Black's king has been surrounded by
many pawns and the h-pawn will cost Black a knight.} Ne6 40. Bc2+ Kxf4 41. h6
Ng5 42. h7 Nxh7 43. Bxh7 {White wins easily, as he will put his pawn on b3 and
protect it by the bishop. Black resigned.} 1-0

[Event "FRA-ch 55th"]
[Site "Puteaux"]
[Date "1980.08.31"]
[Round "11"]
[White "Giffard, Nicolas"]
[Black "Seret, Jean Luc"]
[Result "0-1"]
[WhiteElo "2300"]
[BlackElo "2340"]
[Annotator "Primel,D"]
[PlyCount "94"]
[EventDate "1980.08.20"]
[EventType "swiss"]
[EventRounds "11"]
[EventCountry "FRA"]
[SourceTitle "EXT 2007"]
[Source "ChessBase"]
[SourceDate "2006.11.23"]
[SourceVersion "1"]
[SourceVersionDate "2006.11.23"]
[SourceQuality "1"]

1. d4 d5 {Le rouennais devait impérativement gagner cette derniere ronde pour
viser la première place car il était 3ème а un 1/2 point derrière L.ROOS et T.
MANOUCK;} 2. c4 c6 3. Nf3 (3. Nc3) 3... Nf6 4. Nc3 dxc4 5. a4 Bf5 6. e3 {
La variante hollandaise} (6. Nh4) (6. Ne5 e6 (6... Nbd7 7. Nxc4) 7. f3 Bb4 8.
e4 Bxe4 9. fxe4 Nxe4 $1 10. Bd2 Qxd4 11. Nxe4 Qxe4+ 12. Qe2 Bxd2+ 13. Kxd2 Qd5+
14. Kc2 Na6 {[%csl Rb4]} 15. Nxc4 $13) 6... e6 7. Bxc4 Bb4 8. O-O O-O 9. Nh4 (
9. Qe2 {[%cal Ge3e4]} Nbd7 10. e4 Bg6 11. Bd3 Bh5 12. e5 Nd5 13. Nxd5 cxd5 14.
Qe3 $14 {[%csl Rh5]} Be7 15. Bd2 Nb8 {[%cal Gb8c6]} 16. Ne1 Bg6 17. f4 Nc6 18.
g4 f5 19. exf6 Bxf6) (9. Qb3 {[%cal Gb3b7]} Qe7 10. Nh4 Bg4 11. f3 Bh5 12. g4
Bg6 13. Nxg6 hxg6 14. e4 $14 {[%csl Gc1,Gc4,Gd4,Ge4]}) 9... Bg4 (9... Bg6 $143
{Giffard,N-Roos,L FRA-ch 51st playoff 1976 (1) 1-0}) (9... Nbd7 {la grande
ligne et malgré l aperte de la paire de B, les noirs ont un bon jeu avec le
contrôle de la case "e4"} 10. Nxf5 exf5 11. Qc2 g6 12. f3 $14) 10. f3 Bh5 (
10... Nd5 $143 11. fxg4 Qxh4 12. Qf3 $14 {Karpov,A (2705)-Kupreichik,V (2460)
URS-chT Riga 1975 1-0}) 11. g4 $5 {[%csl Rg1]} Nd5 {[%cal Gd8h4]} (11... Bg6
12. Nxg6 hxg6 13. Qb3 {[%csl Rb7][%cal Gb3b4];Karpov,A (2705)-Portisch,L (2635)
Portoroz/Ljubljana 1975 (1) 1-0} (13. e4 Nbd7 14. g5 Ne8 15. Be3 $14)) 12. Ng2
(12. Qe1) 12... Bg6 {A ce moment là, MANOUCK et L.ROOS avaient fait rapidement
nulle avec LESKI et SELLOS.  Jean-Luc SERET avait ainsi toutes ses chances de
passer devant Thierry MANOUCK au départage en jouant pour le gain.} 13. Qb3 (
13. Na2 $1 Be7 14. e4 Nb6 15. Bb3 {[%cal Ga4a5]} a5 16. Be3 N8d7 17. Rc1 Re8
18. Bf2 Nf8 19. Qe2 $14 {[%csl Gd4,Ge4]}) (13. Bd2 {Borisenko,G-Bagirov,V
URS-chT Soviet Union 1967 1/2}) 13... a5 14. e4 (14. Rd1) 14... Nb6 15. Be3
Nxc4 16. Qxc4 Nd7 17. Rfd1 Rc8 18. Rac1 Qe7 19. Qb3 c5 $132 20. Na2 cxd4 21.
Rxc8 Rxc8 22. Bxd4 Bc5 $1 23. Bxc5 Nxc5 24. Qc4 h5 $1 {[%csl Rg1]
Paradoxalement, les noirs attaquent les cases blanches ... pour obtenir le
contrôle des cases noires: h5 vise d'une part а créer un faiblesse "e4" et
d'autre part а affaiblir la case noire "g3"} 25. h3 {[%csl Rf2,Rg3,Rh4]} Rc6
26. Qd4 Kh7 $1 27. Nc3 Qc7 {Le seul point faible des noirs est le B enfermé}
28. f4 e5 $1 29. fxe5 Ne6 {[%csl Ge6][%cal Ge6d4,Ge6f4,Ge6g5]} 30. Qe3 hxg4 $1
31. hxg4 Qxe5 $17 {Les cases noires du camp de N.GIFFARD sont très faibles et
le B s'est ranimé en faisant pression sur le pion faible "e4"} 32. Rd5 Qc7 33.
Rb5 $6 Rc5 $1 {Echange la pièce blanche la plus active.} 34. Rxc5 Qxc5 {
[%cal Gc5g1]} 35. Kf2 Qb4 $1 (35... Qxe3+ 36. Kxe3 $11 {[%csl Ge3,Rh7]}) 36.
Qe2 Ng5 37. e5 $2 Qd4+ 38. Kg3 Be4 39. Qe3 Qxe5+ 40. Qf4 Qxf4+ 41. Nxf4 Bc6 42.
Kf2 Ne4+ 43. Nxe4 Bxe4 44. Ne2 Bc6 45. b3 Kg6 46. Nf4+ Kg5 47. Kg3 Be4 {
Jean-Luc SERET passait ainsi finalement devant Thierry MANOUCK et il accédait
а la seconde place avec 8/9 points grace а un meilleur départage (44 au lieu
de 43,5)} 0-1

[Event "Sautron op 13th"]
[Site "Sautron"]
[Date "2013.10.29"]
[Round "5"]
[White "Le Roux, Jean Pierre"]
[Black "Avrukh, Boris"]
[Result "1/2-1/2"]
[WhiteElo "2571"]
[BlackElo "2576"]
[Annotator "Primel,D"]
[PlyCount "50"]
[EventDate "2013.10.26"]
[EventType "swiss"]
[EventRounds "9"]
[EventCountry "FRA"]
[SourceTitle "EXT 2014"]
[Source "ChessBase"]
[SourceDate "2013.11.20"]
[SourceVersion "1"]
[SourceVersionDate "2013.11.20"]
[SourceQuality "1"]
[TimeControl "40/5400+30:1800+30"]
[WhiteClock "1:30:00"]
[BlackClock "1:30:00"]

1. d4 {[%emt 0:00:05]} d5 {[%emt 0:00:00]} 2. Nf3 {[%emt 0:00:36]} Nf6 {
[%emt 0:00:00]} 3. c4 {[%emt 0:00:29]} c6 {[%emt 0:00:00]} 4. Nc3 {[%emt 0:00:
55]} dxc4 {[%emt 0:00:00]} (4... a6) (4... e6) 5. a4 {[%emt 0:01:02]} (5. e3 b5
6. a4 b4 7. Na2 (7. Nb1)) 5... Bf5 {[%emt 0:00:08]} 6. e3 {[%emt 0:05:45]} (6.
Ne5) (6. Nh4) 6... e6 {[%emt 0:00:29]} 7. Bxc4 {[%emt 0:00:09]} (7. a5) 7...
Nbd7 $5 {[%emt 0:00:50] Une petite surprise car Bb4 est la grande ligne jouée
habituellement par l'israélien mais sans le coup 8.a5, la partie pouvait
encore transposer dans la ligne principale} (7... Bb4 8. O-O) 8. a5 $5 {
[%emt 0:08:32][%csl Rb7][%cal Gd1b3] Le guingampais choisit une ligne
secondaire face au théoricien mais ce n'était peut-être pas une
préparation maison car il a dépensé près de 10 mns sur ce coup.
L'intérêt de la variante est de menacer Qb3 et après Bb4, les Noirs
n'auront plus la défense a7a5} (8. O-O {La grande ligne de la variante
hollandaise} Bb4 {Transposant dans la grande ligne} 9. Qe2 O-O 10. e4 Bg6 11.
Bd3 Bh5 12. e5 Nd5 13. Nxd5 cxd5 14. Qe3 Be7 15. Ng5 Bxg5 16. Qxg5 Bg6 17. Be2
Qxg5 18. Bxg5 Nb8 19. Rfc1 Nc6 20. Be3 Rfc8 21. Rc3 Nb4 22. Raa3 a5 23. Bb5
Rab8 24. Kf1 Kf8 25. Bd2 Nc6 26. Bxc6 bxc6 27. Rc1 Rxb2 28. Bxa5 Ke8 29. Be1
Kd7 30. a5 Kc7 31. h3 Kb7 32. f3 Rb5 33. Kg1 Ka6 34. Rac3 Kb7 35. Ra3 Ka6 36.
Rac3 Kb7 {1/2-1/2 (36) Edouard,R (2653)-Akopian,V (2681) Warsaw 2013}) 8... Bd6
{[%emt 0:01:08][%cal Ge6e5]} (8... b5) (8... Bb4 9. Qb3 (9. Qa4 $5 {Carlsen,M 
(2802)-Caruana,F (2709) Wch Blitz 5th 2010 (26) 1-0}) 9... Qe7 (9... Bxa5 10.
Qxb7) 10. O-O O-O 11. Ra4 $14) 9. O-O {[%emt 0:03:15]} O-O {[%emt 0:00:53]} 10.
h3 {[%emt 0:03:41]} (10. Qe2 Ne4 (10... e5 11. e4 Bg4 12. d5 c5 $6 (12... cxd5)
13. h3 {Kluss,K (2225)-Meduna,E (2485) Wuerzburger op 5th 1989 (4) 1/2} (13. a6
b6 14. Nb5 $36 {[%csl Ra7]})) 11. Nxe4 Bxe4 12. Nd2 Bg6 13. f4 Bb4 14. Nb3 {
Uhlmann,W (2525)-Horvath,C (2425) Barcza Memorial 1987 (3) 1/2} (14. a6 $5 {
[%csl Ra7,Rb7]})) (10. Re1 {[%cal Ge3e4]} Ne4 11. Bd3 Nxc3 12. bxc3 Bxd3 13.
Qxd3 e5 14. e4 {Sokolov,I (2669)-Solak,D (2590) SRB-chT Cup Sombor 2009 (3) 1/2
}) 10... h6 {[%emt 0:25:47]} 11. Re1 {[%emt 0:05:53][%cal Ge3e4]} Bb4 $146 {
[%emt 0:10:06][%csl Ge4]} (11... Bc7 12. e4 Bg6 13. b4 e5 14. d5 cxd5 15. Bxd5
Nxd5 16. Nxd5 Nf6 17. Nxc7 Qxc7 18. Bb2 Rad8 19. Qb3 Rfe8 20. Rac1 Qb8 21. Rc5
Nxe4 22. Rxe5 Rxe5 23. Nxe5 Qd6 24. Nxg6 Qxg6 25. Qe3 Nd2 26. Bc1 Rd3 27. Qe8+
Kh7 28. Bxd2 Rxd2 29. Qb8 Qa6 30. Qf4 Rb2 31. Qxf7 Qd6 32. Qxb7 Rxb4 33. Qxa7
Rb5 34. Qa8 Qd4 35. g3 Rf5 36. Rf1 Qa4 37. a6 Ra5 38. Qc8 Rxa6 39. Qf5+ Kh8 40.
Rc1 Ra8 41. Rc8+ {Uhlmann,W (2525)-Meduna,E (2515) Debrecen 1987 1/2-1/2 (62)})
12. a6 $5 {[%emt 0:06:23][%csl Ra7,Rb7] Un coup utile en finale} (12. Qb3 $5
Bxa5 13. Qxb7 c5 (13... Rb8 14. Qxc6) 14. Qa6) 12... bxa6 {[%emt 0:02:42]} (
12... b6 $143 $6 {[%csl Ra7,Rb7]} 13. Qb3 Qe7 14. e4) 13. Rxa6 {[%emt 0:14:44]}
c5 {[%emt 0:00:33]} 14. Bd2 {[%emt 0:02:33]} Qc8 $1 {[%emt 0:03:46][%csl Gc8]
[%cal Gc5d4,Gc8c4,Gc8a6]} 15. Be2 {[%emt 0:03:35]} (15. Bf1) (15. Qe2 {[%cal
Ge2c4,Ge3e4]}) 15... Qb7 {[%emt 0:07:39]} 16. Nh4 {[%emt 0:09:20][%cal Gh4f5,
Ge2f3,Gd1a4]} (16. Qb3 Rfb8) 16... Be4 {[%emt 0:07:05]} 17. Nxe4 {[%emt 0:03:
37]} (17. Qa4 Nb6) 17... Nxe4 $1 {[%emt 0:01:31]} 18. Bxb4 {[%emt 0:00:15]}
Qxb4 {[%emt 0:00:40]} 19. Nf3 {[%emt 0:07:05]} Qxb2 {[%emt 0:04:40]} 20. Qa1
$44 {[%emt 0:00:30]} Qb7 {[%emt 0:14:08]} (20... Qxa1 21. Rexa1 cxd4 22. Nxd4)
21. Ne5 {[%emt 0:00:45]} cxd4 {[%emt 0:02:29]} 22. exd4 {[%emt 0:00:42]} Nxe5 {
[%emt 0:01:00]} 23. dxe5 {[%emt 0:01:30]} Nc5 $1 {[%emt 0:00:35]} 24. Ra3 {
[%emt 0:00:47]} Rad8 {[%emt 0:05:37]} 25. Rxa7 {[%emt 0:02:02]} Qb4 {[%emt 0:
00:27]} 1/2-1/2